000 00244nam a22001097a 4500
008 140514t xxu||||| |||| 00| 0 eng d
020 _a978-3-924774-63-9
100 _aStefan Mauss
_9844
245 _aHepatology
300 _a499
942 _2ddc
_cBK
999 _c17087
_d17087